[Event "SRB-chT 1st League CS"]
[Site "Banja Vrujci"]
[Date "2022.10.05"]
[Round "6.3"]
[White "Zivkovic, Sava"]
[Black "Danilovic, Aleksandar"]
[Result "1/2-1/2"]
[WhiteElo "2225"]
[BlackElo "2413"]
[PlyCount "168"]
[EventDate "2022.10.01"]
[EventType "team-tourn"]
[EventRounds "11"]
[EventCountry "SRB"]
[SourceTitle "CBM 210 Extra"]
[Source "ChessBase"]
[SourceDate "2022.11.30"]
[SourceVersion "1"]
[SourceVersionDate "2022.11.30"]
[SourceQuality "1"]
[WhiteTeam "Krupanj"]
[BlackTeam "Loznica Klupci 75"]
[WhiteTeamCountry "SRB"]
[BlackTeamCountry "SRB"]

1. e4 e5 2. Nf3 Nc6 3. Bb5 a6 4. Ba4 Nf6 5. 0-0 Be7 6. Re1 b5 7. Bb3 d6 8. c3 0-0 9. h3 Na5 10. Bc2 c5 11. d4 Qc7 12. Nbd2 Bd7 13. d5 Rfc8 14. Nf1 Nc4 15. g4 a5 16. a4 bxa4 17. Bxa4 Bxa4 18. Rxa4 Nb6 19. Ra2 c4 20. Ng3 Bf8 21. Be3 Nfd7 22. Nd2 Nc5 23. Qe2 Nd3 24. Bxb6 Qxb6 25. Nxc4 Qb3 26. Qxd3 Qxa2 27. Nb6 Qxb2 28. Rb1 Qxb1+ 29. Qxb1 Rcb8 30. Qb5 a4 31. Ne2 a3 32. Nc1 a2 33. Nxa2 Rxa2 34. c4 Ra7 35. c5 dxc5 36. d6 Rab7 37. d7 Be7 38. d8Q+ Rxd8 39. Qc6 Rbb8 40. Nc4 f6 41. Qe6+ Kf8 42. g5 Rd4 43. gxf6 gxf6 44. Nb6 Rxb6 45. Qxb6 Rxe4 46. Qb1 Rh4 47. Kg2 h5 48. Qb7 Rf4 49. Qa8+ Kf7 50. Qd5+ Kg7 51. Qb7 Kf8 52. Qa8+ Kf7 53. Qd5+ Ke8 54. Qa8+ Kd7 55. Qb7+ Kd6 56. Qb6+ Kd5 57. Qb7+ Ke6 58. Qc6+ Bd6 59. Qe8+ Kd5 60. Qxh5 c4 61. Qf7+ Kc6 62. Qe8+ Kc5 63. Qc8+ Kb4 64. Qb7+ Kc3 65. Qb6 Bb4 66. h4 Kb3 67. Qe6 Kb2 68. h5 c3 69. h6 c2 70. h7 Rh4 71. Qxf6 Rxh7 72. Qxe5+ Bc3 73. Qb5+ Kc1 74. Qd3 Rg7+ 75. Kh3 Kb1 76. Qb5+ Kc1 77. Qd3 Rc7 78. f4 Bg7 79. Qe3+ Kd1 80. Qd3+ Kc1 81. Qe3+ Kb1 82. Qb6+ Bb2 83. Qxc7 c1Q 84. Qxc1+ Bxc1 1/2-1/2

[Event "SRB-chT 1st League CS"]
[Site "Banja Vrujci"]
[Date "2022.10.04"]
[Round "5.4"]
[White "Danilovic, Aleksandar"]
[Black "Ozsakallioglu, Okan"]
[Result "1-0"]
[WhiteElo "2413"]
[BlackElo "2178"]
[PlyCount "43"]
[EventDate "2022.10.01"]
[EventType "team-tourn"]
[EventRounds "11"]
[EventCountry "SRB"]
[SourceTitle "CBM 210 Extra"]
[Source "ChessBase"]
[SourceDate "2022.11.30"]
[SourceVersion "1"]
[SourceVersionDate "2022.11.30"]
[SourceQuality "1"]
[WhiteTeam "Loznica Klupci 75"]
[BlackTeam "Valjevo Krusik"]
[WhiteTeamCountry "SRB"]
[BlackTeamCountry "SRB"]

1. e4 c5 2. Nf3 e6 3. d4 cxd4 4. Nxd4 Nf6 5. Nc3 Nc6 6. Nxc6 bxc6 7. e5 Nd5 8. Ne4 f5 9. exf6 Nxf6 10. Nd6+ Bxd6 11. Qxd6 Qb6 12. Bd3 Ba6 13. c4 Bxc4 14. Bxc4 Ne4 15. Qa3 Qxf2+ 16. Kd1 Qd4+ 17. Bd3 Rf8 18. Re1 Nc5 19. Kc2 Rf2+ 20. Re2 Rb8 21. Rxf2 Rb3 22. Rd2 1-0

[Event "SRB-chT 1st League CS"]
[Site "Banja Vrujci"]
[Date "2022.10.01"]
[Round "1.2"]
[White "Danilovic, Aleksandar"]
[Black "Ostojic, Nikola"]
[Result "1/2-1/2"]
[WhiteElo "2413"]
[BlackElo "2265"]
[PlyCount "40"]
[EventDate "2022.10.01"]
[EventType "team-tourn"]
[EventRounds "11"]
[EventCountry "SRB"]
[SourceTitle "CBM 210 Extra"]
[Source "ChessBase"]
[SourceDate "2022.11.30"]
[SourceVersion "1"]
[SourceVersionDate "2022.11.30"]
[SourceQuality "1"]
[WhiteTeam "Loznica Klupci 75"]
[BlackTeam "Gornji Milanovac Metalac"]
[WhiteTeamCountry "SRB"]
[BlackTeamCountry "SRB"]

1. c4 c5 2. Nc3 Nc6 3. g3 g6 4. Bg2 Bg7 5. Nf3 e6 6. e3 Nge7 7. 0-0 d5 8. cxd5 Nxd5 9. d4 cxd4 10. Nxd4 Nxd4 11. exd4 0-0 12. Nxd5 exd5 13. Qb3 Be6 14. Qxb7 Bxd4 15. Bf4 Qb6 16. Qxb6 axb6 17. Rfd1 Bxb2 18. Rab1 Bg7 19. Bxd5 Bxd5 20. Rxd5 Rxa2 1/2-1/2

[Event "SRB-chT 2nd League West"]
[Site "Kragujevac"]
[Date "2019.10.06"]
[Round "11.1"]
[White "Danilovic, Aleksandar"]
[Black "Milanovic, Slavisa"]
[Result "1/2-1/2"]
[WhiteElo "2396"]
[BlackElo "2362"]
[PlyCount "27"]
[EventDate "2019.09.06"]
[EventType "team-tourn"]
[EventRounds "11"]
[EventCountry "SRB"]
[SourceTitle "EXT 2020"]
[Source "ChessBase"]
[SourceDate "2019.10.17"]
[SourceVersion "1"]
[SourceVersionDate "2019.10.17"]
[SourceQuality "1"]
[WhiteTeam "Ivanjica"]
[BlackTeam "Krupanj"]
[WhiteTeamCountry "SRB"]
[BlackTeamCountry "SRB"]

1. c4 c5 2. Nc3 Nc6 3. g3 g6 4. Bg2 Bg7 5. Nf3 e6 6. e3 Nge7 7. 0-0 0-0 8. d4 cxd4 9. Nxd4 Nxd4 10. exd4 d5 11. cxd5 Nxd5 12. Nxd5 exd5 13. Qd3 Be6 14. Be3 1/2-1/2

[Event "SRB-chT 2nd League West"]
[Site "Kragujevac"]
[Date "2019.10.05"]
[Round "10.1"]
[White "Jovanovic, Bojan V"]
[Black "Danilovic, Aleksandar"]
[Result "0-1"]
[WhiteElo "2279"]
[BlackElo "2396"]
[PlyCount "82"]
[EventDate "2019.09.06"]
[EventType "team-tourn"]
[EventRounds "11"]
[EventCountry "SRB"]
[SourceTitle "EXT 2020"]
[Source "ChessBase"]
[SourceDate "2019.10.17"]
[SourceVersion "1"]
[SourceVersionDate "2019.10.17"]
[SourceQuality "1"]
[WhiteTeam "Smederevo"]
[BlackTeam "Ivanjica"]
[WhiteTeamCountry "SRB"]
[BlackTeamCountry "SRB"]

1. d4 f5 2. Bg5 h6 3. Bh4 g5 4. Bg3 Nf6 5. e3 Bg7 6. Bd3 d6 7. h4 g4 8. h5 Nc6 9. c3 0-0 10. Ne2 e5 11. Qc2 Nd5 12. Bc4 Be6 13. e4 fxe4 14. Qxe4 Nce7 15. dxe5 dxe5 16. Nd4 Bf7 17. Bxe5 Bxe5 18. Qxe5 Nc6 19. Nxc6 Re8 20. 0-0 Rxe5 21. Nxd8 Rxd8 22. Nd2 Nxc3 23. bxc3 Rxd2 24. Bxf7+ Kxf7 25. Rab1 b6 26. Rb4 Rxa2 27. Rf4+ Ke6 28. Rxg4 Rxh5 29. Rg6+ Kd5 30. f4 Re2 31. Rd1+ Kc4 32. Rd7 c5 33. Rxa7 b5 34. g4 Rh3 35. f5 Rxc3 36. Kf1 Rb2 37. Ra1 b4 38. Rxh6 b3 39. f6 Rbc2 40. g5 b2 41. Ra4+ Kb3 0-1

[Event "SRB-chT 2nd League West"]
[Site "Kragujevac"]
[Date "2019.10.04"]
[Round "7.1"]
[White "Danilovic, Aleksandar"]
[Black "Nikolov, Sasho"]
[Result "1/2-1/2"]
[WhiteElo "2396"]
[BlackElo "2302"]
[PlyCount "160"]
[EventDate "2019.09.06"]
[EventType "team-tourn"]
[EventRounds "11"]
[EventCountry "SRB"]
[SourceTitle "EXT 2020"]
[Source "ChessBase"]
[SourceDate "2019.10.17"]
[SourceVersion "1"]
[SourceVersionDate "2019.10.17"]
[SourceQuality "1"]
[WhiteTeam "Ivanjica"]
[BlackTeam "Razanj"]
[WhiteTeamCountry "SRB"]
[BlackTeamCountry "SRB"]

1. c4 e6 2. Nf3 d5 3. b3 Nf6 4. Bb2 Be7 5. g3 0-0 6. Bg2 b6 7. 0-0 Bb7 8. e3 Nbd7 9. Nc3 c5 10. cxd5 Nxd5 11. Nxd5 Bxd5 12. d4 Rc8 13. Qe2 Qc7 14. e4 Bb7 15. Rac1 Qb8 16. Ne5 Nxe5 17. dxe5 Rcd8 18. f4 Qc8 19. f5 Bg5 20. f6 g6 21. Qg4 Be3+ 22. Kh1 Rd2 23. Bc3 Rxg2 24. Kxg2 Bxc1 25. Rxc1 Rd8 26. Qf4 Rd3 27. Kf2 Qf8 28. Rc2 h6 29. h4 Kh7 30. Bd2 g5 31. hxg5 Qg8 32. Rc1 Qxg5 33. Qxg5 hxg5 34. Bxg5 Bxe4 35. Bf4 Kg6 36. Ke1 Rd8 37. Rd1 Bd5 38. g4 Rh8 39. Kf2 Rh3 40. Rf1 a5 41. Bd2 Rh2+ 42. Ke1 b5 43. Rf2 Rh1+ 44. Rf1 Rh4 45. Bxa5 Rxg4 46. Rf2 c4 47. bxc4 Bxc4 48. Bc3 Rg1+ 49. Kd2 Bxa2 50. Rf4 Kg5 51. Rd4 Bd5 52. Kc2 Rh1 53. Kb2 Rh3 54. Kc2 Kf5 55. Rd2 Rh4 56. Rd4 Be4+ 57. Kb3 Kxe5 58. Rb4+ Kf5 59. Rxb5+ Bd5+ 60. Kc2 Rh2+ 61. Kd3 Rh3+ 62. Kd2 Kf4 63. Rc5 Ke4 64. Rc7 Rh2+ 65. Kc1 e5 66. Re7 Be6 67. Ra7 Kf5 68. Ra5 Re2 69. Kd1 Re4 70. Kd2 Kxf6 71. Ra1 Bc4 72. Re1 Kf5 73. Rxe4 Kxe4 74. Ke1 f5 75. Kf2 f4 76. Bb2 Bb5 77. Bc3 Kf5 78. Bb2 e4 79. Bc1 Bc6 80. Bd2 e3+ 1/2-1/2

[Event "SRB-chT2 West"]
[Site "Arandjelovac"]
[Date "2018.09.08"]
[Round "2.6"]
[White "Danilovic, Aleksandar"]
[Black "Burovic, Ismet"]
[Result "0-1"]
[WhiteElo "2403"]
[BlackElo "2332"]
[PlyCount "126"]
[EventDate "2018.09.07"]
[EventType "team-tourn"]
[EventRounds "11"]
[EventCountry "SRB"]
[SourceTitle "EXT 2021"]
[Source "ChessBase"]
[SourceDate "2020.10.23"]
[SourceVersion "1"]
[SourceVersionDate "2020.10.23"]
[SourceQuality "1"]
[WhiteTeam "Ivanjica"]
[BlackTeam "Tutin"]
[WhiteTeamCountry "SRB"]
[BlackTeamCountry "SRB"]

1. c4 e5 2. Nc3 g6 3. Nf3 Bg7 4. g3 c6 5. d4 d6 6. dxe5 dxe5 7. Qxd8+ Kxd8 8. Bg5+ f6 9. 0-0-0+ Kc7 10. Bd2 Be6 11. e4 Bh6 12. Be2 Nd7 13. h4 Rd8 14. h5 Bxd2+ 15. Nxd2 Nh6 16. Rh2 g5 17. f3 Nc5 18. Nf1 Rxd1+ 19. Kxd1 Rd8+ 20. Kc2 g4 21. Rf2 gxf3 22. Rxf3 Ng4 23. Ne3 Nxe3+ 24. Rxe3 Bf7 25. b3 Ne6 26. Bd1 Rg8 27. Kd2 Kd6 28. Ke1 Rg5 29. g4 Nf4 30. Kf2 Be6 31. Rg3 Kc5 32. Ne2 Rxg4 33. Nxf4 Rxf4+ 34. Ke3 f5 35. exf5 Bxf5 36. Rg7 Re4+ 37. Kf3 Rd4 38. Be2 Rd7 39. h6 Kd4 40. Kg3 Rd6 41. Rxb7 Ke3 42. Bh5 Rxh6 43. Be8 Re6 44. Bf7 Rf6 45. Rxa7 e4 46. Bh5 Rh6 47. Be8 Kd2 48. Bd7 Rf6 49. Bxf5 Rxf5 50. Rd7+ Ke2 51. Rxh7 e3 52. Re7 Kd2 53. Rd7+ Ke1 54. Kg2 e2 55. a4 Rg5+ 56. Kh2 Rg4 57. Kh3 Re4 58. Kg2 c5 59. a5 Re6 60. a6 Rxa6 61. Re7 Rg6+ 62. Kf3 Kf1 63. Rxe2 Rf6+ 0-1

[Event "SRB-chT2 West"]
[Site "Kragujevac"]
[Date "2017.09.10"]
[Round "5.1"]
[White "Danilovic, Aleksandar"]
[Black "Aleksic, Milan"]
[Result "1-0"]
[WhiteElo "2411"]
[BlackElo "2244"]
[PlyCount "71"]
[EventDate "2017.09.08"]
[EventType "team-tourn"]
[EventRounds "11"]
[EventCountry "SRB"]
[SourceTitle "EXT 2022"]
[Source "ChessBase"]
[SourceDate "2021.10.06"]
[SourceVersion "1"]
[SourceVersionDate "2021.10.06"]
[SourceQuality "1"]

1. c4 g6 2. Nc3 Bg7 3. g3 Nc6 4. Bg2 e5 5. Nf3 f5 6. d3 Nf6 7. 0-0 d6 8. Rb1 a5 9. a3 0-0 10. b4 axb4 11. axb4 h6 12. b5 Ne7 13. c5 Be6 14. b6 c6 15. Na4 e4 16. dxe4 Nxe4 17. cxd6 Nd5 18. Bb2 Bxb2 19. Rxb2 Qxd6 20. Nd4 Bf7 21. Bxe4 fxe4 22. Qc2 Nb4 23. Qc5 Qxc5 24. Nxc5 Nd5 25. Nxe4 Rfd8 26. e3 Ra5 27. Rc1 Kg7 28. Nc5 Rb8 29. e4 Ne7 30. f4 h5 31. Kf2 Ra3 32. Nf3 Ra5 33. Ne5 Be8 34. h3 Ra3 35. Nc4 Raa8 36. Nd6 1-0

[Event "SRB-chT2 West"]
[Site "Kragujevac"]
[Date "2017.09.10"]
[Round "4.3"]
[White "Grubisic, Ilija"]
[Black "Danilovic, Aleksandar"]
[Result "1-0"]
[WhiteElo "2324"]
[BlackElo "2411"]
[PlyCount "65"]
[EventDate "2017.09.08"]
[EventType "team-tourn"]
[EventRounds "11"]
[EventCountry "SRB"]
[SourceTitle "EXT 2022"]
[Source "ChessBase"]
[SourceDate "2021.10.06"]
[SourceVersion "1"]
[SourceVersionDate "2021.10.06"]
[SourceQuality "1"]

1. e4 e5 2. Nf3 Nc6 3. Bc4 Nf6 4. d3 Be7 5. c3 0-0 6. Bb3 d6 7. h3 Na5 8. Bc2 c5 9. Nbd2 b6 10. Nf1 Bb7 11. Ng3 g6 12. Bh6 Re8 13. 0-0 Qc7 14. Re1 Bd8 15. b4 cxb4 16. cxb4 Nc6 17. a3 d5 18. Bb3 Nd4 19. Nxd4 exd4 20. exd5 Rxe1+ 21. Qxe1 Qd7 22. Qe5 Bxd5 23. Bxd5 Qxd5 24. Re1 Qxe5 25. Rxe5 a6 26. Ne4 Rc8 27. g4 Kh8 28. Nd6 Rc7 29. g5 Re7 30. Rxe7 Bxe7 31. Nxf7+ Kg8 32. gxf6 Bxf6 33. Nd6 1-0

[Event "Belgrade-chT"]
[Site "Belgrade"]
[Date "2011.10.06"]
[Round "6.1"]
[White "Danilovic, Aleksandar"]
[Black "Svetac, Nenad"]
[Result "1/2-1/2"]
[WhiteElo "2395"]
[BlackElo "2277"]
[PlyCount "47"]
[EventDate "2011.10.01"]
[EventType "team-tourn"]
[EventRounds "11"]
[EventCountry "SRB"]
[SourceTitle "CBM 144 Extra"]
[Source "ChessBase"]
[SourceDate "2011.10.28"]
[SourceVersion "1"]
[SourceVersionDate "2011.10.28"]
[SourceQuality "1"]
[WhiteTeam "Belgrade Radnicki"]
[BlackTeam "Belgrade Sigurnost"]
[WhiteTeamCountry "YUG"]
[BlackTeamCountry "YUG"]

1. e4 d6 2. d4 Nf6 3. f3 e5 4. dxe5 dxe5 5. Qxd8+ Kxd8 6. Bc4 Ke8 7. Nc3 c6 8. Be3 Nbd7 9. Nge2 Bc5 10. Kf2 Ke7 11. a4 a5 12. Nc1 Bxe3+ 13. Kxe3 Nc5 14. Nd3 Nxd3 15. cxd3 Be6 16. Bxe6 Kxe6 17. Rab1 c5 18. Nb5 Rac8 19. Rbc1 b6 20. Rc3 h5 21. Na3 Rb8 22. Nc4 Rb7 23. Rb3 Rhb8 24. Rf1 1/2-1/2

[Event "Belgrade tt Cup"]
[Site "Belgrade"]
[Date "2011.04.17"]
[Round "5"]
[White "Danilovic, Aleksandar"]
[Black "Stamenkovic, Aleksandar"]
[Result "1/2-1/2"]
[WhiteElo "2397"]
[BlackElo "2301"]
[PlyCount "143"]
[EventDate "2011.04.13"]
[EventType "team-tourn"]
[EventRounds "5"]
[EventCountry "SRB"]
[SourceTitle "CBM 141 Extra"]
[Source "ChessBase"]
[SourceDate "2011.05.03"]
[SourceVersion "1"]
[SourceVersionDate "2011.05.03"]
[SourceQuality "1"]

1. e4 e5 2. f4 d5 3. exd5 e4 4. d3 Nf6 5. dxe4 Nxe4 6. Nf3 Bc5 7. Qe2 f5 8. Nc3 Bf2+ 9. Kd1 0-0 10. Nxe4 fxe4 11. Qxe4 Bf5 12. Qc4 c6 13. Bd3 cxd5 14. Qb3 Bxd3 15. cxd3 Bb6 16. Bd2 Na6 17. d4 Nc7 18. Re1 Qf6 19. Rc1 Rad8 20. Re5 Ne6 21. Rxd5 Rxd5 22. Qxd5 Rd8 23. Qe5 Nxd4 24. Qxf6 gxf6 25. Nxd4 Bxd4 26. Ke2 Rd7 27. b3 f5 28. Rc4 Kf7 29. h3 h5 30. a4 Ke6 31. Rc8 Kf7 32. b4 a6 33. b5 axb5 34. axb5 b6 35. Bb4 Rd5 36. Rc7+ Kg8 37. Rc8+ Kf7 38. Rc7+ Kg8 39. Rc4 Bg7 40. Rc8+ Kf7 41. Rc7+ Kg8 42. Bc3 Bxc3 43. Rxc3 Rxb5 44. Rg3+ Kh7 45. Rg5 Kh6 46. Ke3 Rc5 47. Kd4 Ra5 48. Rg8 Rb5 49. Rd8 Rb2 50. Ke5 Rxg2 51. Kxf5 Kg7 52. Rd7+ Kh6 53. Rd6+ Kg7 54. Rd7+ Kh6 55. Rd6+ Kg7 56. Rxb6 Rg3 57. Rb7+ Kh6 58. Rb6+ Kg7 59. Rb7+ Kh6 60. Rb8 Rxh3 61. Kf6 Kh7 62. Rb7+ Kh6 63. Rb8 Kh7 64. f5 h4 65. Kg5 Rg3+ 66. Kxh4 Rg8 67. Rb7+ Kh6 68. Rb6+ Kg7 69. Kg5 Kf7+ 70. Kf4 Rg1 71. Rb7+ Kf6 72. Rb6+ 1/2-1/2

[Event "SRB-chT"]
[Site "Belgrade"]
[Date "2010.10.10"]
[Round "10"]
[White "Danilovic, Aleksandar"]
[Black "Dudukovic, Nikola"]
[Result "1/2-1/2"]
[WhiteElo "2394"]
[BlackElo "2237"]
[PlyCount "84"]
[EventDate "2010.10.01"]
[EventType "team-tourn"]
[EventRounds "11"]
[EventCountry "YUG"]
[SourceTitle "CBM 138 Extra"]
[Source "ChessBase"]
[SourceDate "2010.10.29"]
[SourceVersion "1"]
[SourceVersionDate "2010.10.29"]
[SourceQuality "1"]

1. e4 c5 2. c4 d6 3. Nc3 Nf6 4. g3 Nc6 5. Bg2 g6 6. d3 Bg7 7. Nge2 0-0 8. 0-0 a6 9. h3 Rb8 10. a4 Bd7 11. Be3 Ne8 12. d4 cxd4 13. Nxd4 Nxd4 14. Bxd4 Bxd4 15. Qxd4 Nc7 16. a5 Ne6 17. Qe3 b6 18. axb6 Rxb6 19. Rfb1 Rb3 20. Rxa6 Nc5 21. Ra3 Rxa3 22. bxa3 Be6 23. Nd5 Bxd5 24. exd5 Qc7 25. h4 Ra8 26. h5 Qa7 27. Bf3 Kf8 28. Qh6+ Kg8 29. Qe3 Kf8 30. Kg2 Ke8 31. hxg6 hxg6 32. Re1 Rb8 33. Bg4 f5 34. Qh6 Kf7 35. Qh7+ Kf6 36. Bxf5 gxf5 37. Rh1 Nd3 38. Rh6+ Ke5 39. Re6+ Kd4 40. Rxe7 Qxa3 41. Qxf5 Ne5 42. Rc7 Qd3 1/2-1/2

[Event "SRB-chT"]
[Site "Belgrade"]
[Date "2010.10.07"]
[Round "7"]
[White "Danilovic, Aleksandar"]
[Black "Popovic, Aleksandar M"]
[Result "1-0"]
[WhiteElo "2394"]
[BlackElo "2271"]
[PlyCount "43"]
[EventDate "2010.10.01"]
[EventType "team-tourn"]
[EventRounds "11"]
[EventCountry "YUG"]
[SourceTitle "CBM 138 Extra"]
[Source "ChessBase"]
[SourceDate "2010.10.29"]
[SourceVersion "1"]
[SourceVersionDate "2010.10.29"]
[SourceQuality "1"]

1. e4 e5 2. f4 Bc5 3. Nf3 d6 4. Bc4 Nf6 5. Nc3 0-0 6. d3 c6 7. fxe5 dxe5 8. Bg5 b5 9. Nxb5 Qb6 10. Nc3 Ng4 11. Qd2 Be3 12. Bxe3 Qxe3+ 13. Qxe3 Nxe3 14. Bb3 Nxg2+ 15. Kf2 Nf4 16. Nxe5 a5 17. Ke3 Ne6 18. d4 c5 19. d5 Nd4 20. Ba4 Ra6 21. Nd3 Bd7 22. Nxc5 1-0

[Event "SRB-chT"]
[Site "Belgrade"]
[Date "2010.10.02"]
[Round "2"]
[White "Danilovic, Aleksandar"]
[Black "Stevanovic, Vladan S"]
[Result "1-0"]
[WhiteElo "2394"]
[BlackElo "2263"]
[PlyCount "79"]
[EventDate "2010.10.01"]
[EventType "team-tourn"]
[EventRounds "11"]
[EventCountry "YUG"]
[SourceTitle "CBM 138 Extra"]
[Source "ChessBase"]
[SourceDate "2010.10.29"]
[SourceVersion "1"]
[SourceVersionDate "2010.10.29"]
[SourceQuality "1"]

1. e4 e6 2. d4 d5 3. e5 c5 4. c3 Qb6 5. Nf3 Bd7 6. Bd3 Bb5 7. dxc5 Bxc5 8. 0-0 Bxd3 9. Qxd3 a5 10. a4 Ne7 11. Na3 Nd7 12. Nb5 f6 13. exf6 gxf6 14. Bd2 e5 15. b4 Bd6 16. bxa5 Qc6 17. c4 d4 18. Nh4 Nc5 19. Qa3 Ne4 20. Nxd6+ Nxd6 21. Bb4 Nxc4 22. Qc1 Nd5 23. Bd2 Rg8 24. Qd1 Nxd2 25. Qxd2 0-0-0 26. Rfc1 Nc3 27. g3 Kb8 28. Ng2 Rd5 29. a6 bxa6 30. Ne3 Rc5 31. Nd1 Ne2+ 32. Qxe2 Ka7 33. Rxc5 Qxc5 34. Qd3 Rg7 35. Rb1 Qc6 36. a5 Rd7 37. Rb6 Qc8 38. Rxf6 e4 39. Qxe4 d3 40. Qe6 1-0

[Event "SRB-chT"]
[Site "Belgrade"]
[Date "2010.10.01"]
[Round "1"]
[White "Tatisic, Milan"]
[Black "Danilovic, Aleksandar"]
[Result "0-1"]
[WhiteElo "2239"]
[BlackElo "2394"]
[PlyCount "62"]
[EventDate "2010.10.01"]
[EventType "team-tourn"]
[EventRounds "11"]
[EventCountry "YUG"]
[SourceTitle "CBM 138 Extra"]
[Source "ChessBase"]
[SourceDate "2010.10.29"]
[SourceVersion "1"]
[SourceVersionDate "2010.10.29"]
[SourceQuality "1"]

1. c4 f5 2. g3 Nf6 3. Bg2 e5 4. d4 e4 5. f3 d5 6. Qb3 dxc4 7. Qxc4 Nc6 8. e3 Nb4 9. Bf1 Bd6 10. a3 Nbd5 11. Nc3 c6 12. fxe4 fxe4 13. Bg2 Be6 14. Nxd5 Bxd5 15. Qe2 a5 16. Nh3 0-0 17. Qd1 Nd7 18. Qc2 Qc7 19. Bxe4 Bxg3+ 20. Kd1 Bxe4 21. Qxe4 Rae8 22. Qg2 Bh4 23. Bd2 Nf6 24. Rf1 Qf7 25. Rc1 Qb3+ 26. Rc2 Ne4 27. Rxf8+ Kxf8 28. Qf3+ Kg8 29. Kc1 Qa2 30. Kd1 Qd5 31. Bc1 Nc3+ 0-1

[Event "Belgrade-chT"]
[Site "Belgrade"]
[Date "2009.10.08"]
[Round "5"]
[White "Danilovic, Aleksandar"]
[Black "Nikolic, Goran"]
[Result "1-0"]
[WhiteElo "2386"]
[BlackElo "2267"]
[PlyCount "133"]
[EventDate "2009.10.04"]
[EventType "team-tourn"]
[EventRounds "9"]
[EventCountry "YUG"]
[SourceTitle "CBM 132 Extra"]
[Source "ChessBase"]
[SourceDate "2009.11.03"]
[SourceVersion "1"]
[SourceVersionDate "2009.11.03"]
[SourceQuality "1"]

1. e4 e5 2. Nf3 Nc6 3. Bb5 a6 4. Bxc6 dxc6 5. Nc3 Bg4 6. h3 Bxf3 7. Qxf3 Qf6 8. Qxf6 Nxf6 9. d3 Bc5 10. Ne2 Nd7 11. f4 0-0-0 12. fxe5 Nxe5 13. Rf1 Rhe8 14. Bd2 f6 15. 0-0-0 Bf8 16. Bc3 c5 17. Bxe5 Rxe5 18. Rf5 Rde8 19. Nc3 Bd6 20. Rdf1 Rxf5 21. Rxf5 Re5 22. Rf2 b5 23. Kd2 Rg5 24. Nd1 Bg3 25. Rf5 Rxf5 26. exf5 Kd7 27. Ke3 c6 28. Ke4 Bc7 29. g4 h6 30. Nc3 Be5 31. Ne2 Bxb2 32. Nf4 c4 33. dxc4 Ba3 34. Kd4 Bd6 35. Nh5 Bf8 36. cxb5 axb5 37. c4 Kd6 38. Nf4 Be7 39. h4 c5+ 40. Kd3 b4 41. Ke4 Kc6 42. Ne6 Bd6 43. Nxg7 Bg3 44. h5 Be1 45. Ne6 Bd2 46. Nf8 Kd6 47. Ng6 Bc1 48. Nh4 Bb2 49. Nf3 Bc1 50. Kd3 Bf4 51. Kc2 Kc6 52. Kb3 Bc1 53. Ka4 Kb6 54. g5 fxg5 55. Ne5 Bb2 56. Ng4 Bg7 57. Kb3 Kc7 58. Kc2 Kd6 59. Kd3 Bd4 60. Ke4 Bg7 61. f6 Bf8 62. Kf5 Kd7 63. Ne5+ Ke8 64. Ke6 Kd8 65. Ng6 g4 66. Nxf8 g3 67. Nd7 1-0

[Event "Belgrade-chT"]
[Site "Belgrade"]
[Date "2008.10.05"]
[Round "1"]
[White "Danilovic, Aleksandar"]
[Black "Podinic, Vladimir"]
[Result "1/2-1/2"]
[WhiteElo "2386"]
[BlackElo "2402"]
[PlyCount "42"]
[EventDate "2008.10.05"]
[EventType "team-tourn"]
[EventRounds "9"]
[EventCountry "YUG"]
[SourceTitle "CBM 126 Extra"]
[Source "ChessBase"]
[SourceDate "2008.11.05"]
[SourceVersion "1"]
[SourceVersionDate "2008.11.05"]
[SourceQuality "1"]

1. c4 f5 2. e4 fxe4 3. Nc3 Nf6 4. d3 e5 5. g4 h6 6. g5 hxg5 7. Bxg5 Bb4 8. Bg2 0-0 9. Bxe4 Qe8 10. Bg2 c6 11. Nge2 d6 12. Ng3 Bg4 13. Qd2 Nbd7 14. 0-0 Nh5 15. f3 Be6 16. Nxh5 Qxh5 17. f4 exf4 18. Rxf4 Rxf4 19. Bxf4 Ne5 20. Bxe5 Qxe5 21. d4 Qf5 1/2-1/2

[Event "Belgrade tt Cup"]
[Site "Belgrade"]
[Date "2007.04.13"]
[Round "5.3"]
[White "Danilovic, Aleksandar"]
[Black "Stamenkovic, Aleksandar"]
[Result "1-0"]
[WhiteElo "2386"]
[BlackElo "2251"]
[PlyCount "93"]
[EventDate "2007.04.09"]
[EventType "team-tourn"]
[EventRounds "5"]
[EventCountry "YUG"]
[SourceTitle "EXT 2008"]
[Source "ChessBase"]
[SourceDate "2007.11.25"]
[SourceVersion "1"]
[SourceVersionDate "2007.11.25"]
[SourceQuality "1"]

1. c4 c5 2. Nc3 Nc6 3. g3 g6 4. Bg2 Bg7 5. Nf3 e6 6. 0-0 Nge7 7. e3 0-0 8. d4 cxd4 9. Nxd4 d5 10. cxd5 Nxd4 11. exd4 Nxd5 12. Nxd5 exd5 13. Qb3 Be6 14. Qxb7 Bxd4 15. Bf4 Qc8 16. Bxd5 Bxd5 17. Qxd5 Bxb2 18. Rad1 Rd8 19. Qxd8+ Qxd8 20. Rxd8+ Rxd8 21. Rb1 Bd4 22. Rb7 Bb6 23. Bh6 Rc8 24. g4 Bc5 25. Kg2 Re8 26. Kf3 a6 27. a4 Bd4 28. h3 Be5 29. Ra7 Bg7 30. Be3 Rd8 31. Rxa6 Bd4 32. Bf4 Re8 33. Rd6 Be5 34. Bxe5 Rxe5 35. Rd2 Kf8 36. Ra2 Ra5 37. Ke4 Ke7 38. f4 Kd6 39. Kd4 Kc6 40. Ra3 Kb6 41. h4 h5 42. g5 Ka6 43. Ke4 Kb6 44. Rb3+ Kc6 45. Rc3+ Kb6 46. Rc4 Rf5 47. Rb4+ 1-0

[Event "Belgrade-chT"]
[Site "Belgrade"]
[Date "2007.??.??"]
[Round "3"]
[White "Danilovic, Aleksandar"]
[Black "Prelevic, Dusko"]
[Result "1/2-1/2"]
[WhiteElo "2385"]
[BlackElo "2350"]
[PlyCount "39"]
[EventDate "2007.10.??"]
[EventType "team-tourn"]
[EventRounds "9"]
[EventCountry "YUG"]
[SourceTitle "EXT 2010"]
[Source "ChessBase"]
[SourceDate "2010.11.25"]
[SourceVersion "1"]
[SourceVersionDate "2010.11.25"]
[SourceQuality "1"]

1. c4 e5 2. Nc3 Nc6 3. Nf3 Nf6 4. g3 Bb4 5. Bg2 0-0 6. 0-0 Bxc3 7. bxc3 d6 8. d3 Bd7 9. Bg5 h6 10. Bxf6 Qxf6 11. Ne1 Nd8 12. Nc2 Rb8 13. e4 Ne6 14. Ne3 b5 15. cxb5 Bxb5 16. Re1 Nc5 17. Bf1 c6 18. Rb1 Rb7 19. Qd2 Rfb8 20. Nc2 1/2-1/2